书目信息 |
| 题名: |
笃行致远
|
|
| 作者: | 宋志平 著 | |
| 分册: | ||
| 出版信息: | 北京 中信出版集团股份有限公司 2017 |
|
| 页数: | 315页 | |
| 开本: | 23cm | |
| 丛书名: | ||
| 单 册: | ||
| 中图分类: | F279.241 | |
| 科图分类: | ||
| 主题词: | 国有企业--企业管理--经验--中国 , 国有企业--企业改革--经验--中国 | |
| 电子资源: | ||
| ISBN: | 978-7-5086-7801-6 | |
| 000 | 00820nam0 2200241 450 | |
| 001 | 012001003464 | |
| 005 | 20140926114739.0 | |
| 010 | @a978-7-5086-7801-6@b精装@dCNY89.00 | |
| 100 | @a20171116d2017 em y0chiy50 ea | |
| 101 | 0 | @achi |
| 102 | @aCN@b110000 | |
| 105 | @ay z 000yy | |
| 106 | @ar | |
| 200 | 1 | @a笃行致远@9du xing zhi yuan@f宋志平著 |
| 210 | @a北京@c中信出版集团股份有限公司@d2017 | |
| 215 | @a315页@d23cm | |
| 330 | @a本书作者通过讲述自己30多年的从业故事,将中国改革开放以来国企改革的经验、教训以及经历的种种挑战娓娓道来,也从侧面反映了国企管理者的企业家精神。 | |
| 606 | 0 | @a国有企业@x企业管理@x经验@y中国 |
| 606 | 0 | @a国有企业@x企业改革@x经验@y中国 |
| 690 | @aF279.241@v5 | |
| 701 | 0 | @a宋志平@9song zhi ping@4著 |
| 801 | 0 | @aCN@b上海新华@c20180901 |
| 905 | @b1154428-32@dF279.241@e1570@f5 | |
| 笃行致远/宋志平著.-北京:中信出版集团股份有限公司,2017 |
| 315页;23cm |
| ISBN 978-7-5086-7801-6(精装):CNY89.00 |
| 本书作者通过讲述自己30多年的从业故事,将中国改革开放以来国企改革的经验、教训以及经历的种种挑战娓娓道来,也从侧面反映了国企管理者的企业家精神。 |
| ● |
| 相关链接 |
|
|
|
|
正题名:笃行致远
索取号:F279.241/1570
 
预约/预借
| 序号 | 登录号 | 条形码 | 馆藏地/架位号 | 状态 | 备注 |
| 1 | 1154428 | 211544284 | 第一样本阅览室/ [索取号:F279.241/1570] | 在馆 | |
| 2 | 1154429 | 211544293 | 密集书库-海洋学院/ [索取号:F279.241/1570] | 在馆 | |
| 3 | 1154430 | 211544300 | 第一借阅区/ [索取号:F279.241/1570] | 在馆 | |
| 4 | 1154431 | 211544319 | 第一借阅区/ [索取号:F279.241/1570] | 在馆 | |
| 5 | 1154432 | 211544328 | 第一借阅区/ [索取号:F279.241/1570] | 在馆 |